000
00221 a2200097 4500
001
52267
100
_a
Meyers V J
245
_a
Matrix Analysis of Structures
260
_a
London
_b
Harper & Row
_c
090
_c
32909
_d
32909
942
_a
NUST-CAE
_c
M
_c
25457
999
_c
287340
_d
287340